00792nam a22002177a 4500999001500000001000600015003000900021005001700030008004100047020001500088040002800103082001600131100003600147245011500183260003800298300002400336504005100360651003700411942001200448952011400460 c2359d235910791BD-DhUAP20200223162003.0200223s 2007bg b 001 0 eng  a9840517864 aDLCcDLCdBD-DhUAPbEng 223a954 AHM1 aAhmed, A. F. Salahuddin.91268610aHistory and heritage :breflections on society, politics, and culture of South Asia /cA. F. Salahuddin Ahmed. aDhaka :bUniversity Press,c2007. a113 pages ;c22 cm. aIncludes bibliographical references and index. 0aSouth AsiaxCivilization.912687 2ddccBK 00102ddc4070aUAPCLbUAPCLcGeneral Stacksd2020-02-23o954 AHMp3010010791r2020-02-23t1w2020-02-23yBK